A short life of Rani Rashmoni / (Record no. 37854)

MARC details
000 -LEADER
fixed length control field 00655nam a22002057a 4500
005 - DATE AND TIME OF LATEST TRANSACTION
control field 20100727110541.0
010 ## - LCCN (DPL NO)
LC control number ENG-96902
020 ## - INTERNATIONAL STANDARD BOOK NUMBER
Terms of availability 50.00
035 ## - SYSTEM CONTROL NUMBER
System control number EN-80435
037 ## - SOURCE OF ACQUISITION
Source of stock number/acquisition DBAD/PUB
082 ## - DEWEY DECIMAL CLASSIFICATION NUMBER
Classification number 921
100 ## - MAIN ENTRY--PERSONAL NAME
Personal name Sarkar, H.N.
245 ## - TITLE STATEMENT
Title A short life of Rani Rashmoni /
Statement of responsibility, etc by H.N. Sarkar
260 ## - PUBLICATION, DISTRIBUTION, ETC. (IMPRINT)
Place of publication, distribution, etc Howrah
Name of publisher, distributor, etc H.N. Sarkar
Date of publication, distribution, etc 2009
270 ## - ADDRESS
Address Sri Ramakrishna Kendra Jagacha,
City Howrah
Postal code 711112
300 ## - PHYSICAL DESCRIPTION
Extent 154p.
Dimensions 21cm, (Hb)
500 ## - GENERAL NOTE
General note includes bibliography
942 ## - ADDED ENTRY ELEMENTS (KOHA)
Source of classification or shelving scheme Dewey Decimal Classification
Item type English Books
Classification part 921
Call number suffix SAR
Holdings
Withdrawn status Lost status Not for loan Collection code Home library Current library Date acquired Source of acquisition Cost, normal purchase price Full call number Barcode Copy number Cost, replacement price Koha item type
    Not For Loan Non-fiction D.B.Act.Division D.B.Act.Division 27/07/2010 DBAD/PUB 50.00 921 SAR EN-80435 1 50.00 English Books

© Delhi Public Library
Hit Counter
free hit counter